000 00302nam a22001217a 4500
008 160426b xxu||||| |||| 00| 0 eng d
020 _a9780138024642
020 _a0138024642
041 _aeng
080 _a618.2
245 _aFundamentals of nursing;
_cAudrey Berman; Shirlee Snyder;
942 _2udc
_cBK
999 _c1614
_d1614